|
|
|
|
| LEADER |
01851nam a22002897a 4500 |
| 001 |
28084 |
| 003 |
BD-DhAAL |
| 005 |
20151020020002.0 |
| 008 |
140706s2012 bg ||||| |||| 00| 0 eng d |
| 020 |
|
|
|a 9789848942734
|
| 040 |
|
|
|a BD-DhAAL
|c BD-DhAAL
|
| 082 |
|
|
|2 22
|a 918.2
|
| 100 |
|
|
|a সায়ীদ, আবদুল্লাহ আবু
|9 5304
|
| 245 |
|
|
|a স্বপ্নের সমান বড় /
|c আবদুল্লাহ আবু সায়ীদ
|
| 260 |
|
|
|a ঢাকা :
|b সময় প্রকাশন,
|c ২০১২
|
| 300 |
|
|
|a ৯৩ পৃ. :
|c ২১ সে. মি.
|
| 541 |
|
|
|e 28081
|
| 650 |
|
|
|a Literature
|x Societies, etc.
|9 5305
|
| 650 |
|
|
|a সাহিত্য
|x সমাজ
|9 5306
|
| 852 |
|
|
|a Ayesha Abed Library
|c General Stacks
|
| 942 |
|
|
|2 ddc
|c BK
|0 2
|
| 999 |
|
|
|c 32842
|d 32842
|
| 952 |
|
|
|0 0
|1 0
|2 ddc
|4 0
|6 918_200000000000000_SAY
|7 0
|9 42935
|a BRACUL
|b BRACUL
|c GEN
|d 2014-07-06
|e Development Book Agency
|g 130.00
|l 6
|m 37
|o 918.2 SAY
|p 3010028081
|q 2026-05-17
|r 2026-02-19
|s 2026-02-19
|t 1
|w 2014-07-06
|y BK
|
| 952 |
|
|
|0 0
|1 0
|2 ddc
|4 0
|6 918_200000000000000_SAY
|7 0
|9 42936
|a BRACUL
|b BRACUL
|c GEN
|d 2014-07-06
|e Development Book Agency
|g 130.00
|l 10
|m 14
|o 918.2 SAY
|p 3010028082
|r 2023-08-17
|s 2023-08-10
|t 2
|w 2014-07-06
|y BK
|
| 952 |
|
|
|0 0
|1 0
|2 ddc
|4 0
|6 918_200000000000000_SAY
|7 0
|9 42937
|a BRACUL
|b BRACUL
|c GEN
|d 2014-07-06
|e Development Book Agency
|g 130.00
|l 4
|m 14
|o 918.2 SAY
|p 3010028083
|r 2019-01-10
|s 2018-12-19
|t 3
|w 2014-07-06
|y BK
|
| 952 |
|
|
|0 0
|1 0
|2 ddc
|4 0
|6 918_200000000000000_SAY
|7 0
|9 42940
|a BRACUL
|b BRACUL
|c GEN
|d 2014-07-06
|e Development Book Agency
|g 130.00
|l 2
|m 20
|o 918.2 SAY
|p 3010028084
|r 2019-01-15
|s 2018-10-02
|t 4
|w 2014-07-06
|y BK
|
| 952 |
|
|
|0 0
|1 0
|2 ddc
|4 0
|6 918_200000000000000_SAY
|7 0
|9 42948
|a BRACUL
|b BRACUL
|c GEN
|d 2014-07-06
|e Development Book Agency
|g 130.00
|l 1
|m 1
|o 918.2 SAY
|p 3010028085
|r 2019-05-15
|s 2019-05-07
|t 5
|w 2014-07-06
|y BK
|